Normal view
MARC view
- Khan.N.
Entry Personal Name
001 - CONTROL NUMBER
- control field: 4837
003 - CONTROL NUMBER IDENTIFIER
- control field: OSt
005 - DATE AND TIME OF LATEST TRANSACTION
- control field: 20180116125401.0
008 - FIXED-LENGTH DATA ELEMENTS
- fixed length control field: 180116|| aca||aabn | a|a d
040 ## - CATALOGING SOURCE
- Original cataloging agency: OSt
- Transcribing agency: OSt
100 ## - HEADING--PERSONAL NAME
- Personal name: Khan.N.
670 ## - SOURCE DATA FOUND
- Source citation: Work cat.: (OSt): Khan.N., Modern English Images, 2003